<?xml version="1.0" encoding="UTF-8"?>
<marc:record xmlns:marc="http://www.loc.gov/MARC21/slim">
   <marc:leader>00000nam a2200000 a 4500</marc:leader>
   <marc:datafield ind1="0" ind2="0" tag="245">
      <marc:subfield code="a">Arthur &amp; Claire</marc:subfield>
   </marc:datafield>
   <marc:datafield ind1=" " ind2="1" tag="264">
      <marc:subfield code="b">Universum Film GmbH</marc:subfield>
      <marc:subfield code="c">2018</marc:subfield>
   </marc:datafield>
   <marc:datafield ind1="1" ind2=" " tag="520">
      <marc:subfield code="a">Ein Mann, eine Frau und eine Nacht, in der es um alles oder nichts geht. In einem Hotel in Amsterdam begegnen sich zwei Menschen, von denen jeder für sich bereits mit dem Leben abgeschlossen hatte. Doch dann vereitelt Arthur (Josef Hader), der nur ein letztes stilvolles und vor allem einsames Dinner im Sinn hatte, durch Zufall den Plan der jungen Claire (Hannah Hoekstra). Aus den beiden Lebensmüden wird eine unerwartete Schicksalsgemeinschaft, die gemeinsam in die Amsterdamer Nacht aufbricht und zwischen Grachten, Coffee Shops, bestem Whiskey und vorsichtiger neuer Freundschaft beginnt, die Pläne des Anderen gehörig zu durchkreuzen. In klugen, witzigen Dialogen kreisen Arthur und Claire um die Dinge, die das Leben wirklich ausmachen und beschließen, sich diesem Leben zu stellen und es bis zum letzten Augenblick auszukosten.</marc:subfield>
   </marc:datafield>
   <marc:datafield ind1="3" ind2=" " tag="024">
      <marc:subfield code="a">4061229012706</marc:subfield>
   </marc:datafield>
</marc:record>
